Quantitative techniques : (Record no. 655)
[ view plain ]
| 000 -LEADER | |
|---|---|
| fixed length control field | 00635cam a22001932 4500 |
| 001 - CONTROL NUMBER | |
| control field | 0000006942 |
| 005 - DATE AND TIME OF LATEST TRANSACTION | |
| control field | 20151021151110.0 |
| 008 - FIXED-LENGTH DATA ELEMENTS--GENERAL INFORMATION | |
| fixed length control field | 071029s xx 000 0 eng d |
| 020 ## - INTERNATIONAL STANDARD BOOK NUMBER | |
| Terms of availability | KES 1000 |
| 040 ## - CATALOGING SOURCE | |
| Original cataloging agency | KABU |
| Transcribing agency | KABU |
| 110 2# - MAIN ENTRY--CORPORATE NAME | |
| Corporate name or jurisdiction name as entry element | Strathmore University. |
| Subordinate unit | Distance Learning Centre. |
| -- | 0000150769 |
| 245 10 - TITLE STATEMENT | |
| Title | Quantitative techniques : |
| Remainder of title | Subject no. 11 revision kit / |
| Statement of responsibility, etc. | Strathomre University. |
| 260 ## - PUBLICATION, DISTRIBUTION, ETC. (IMPRINT) | |
| Place of publication, distribution, etc. | Nairobi : |
| Name of publisher, distributor, etc. | Strathmore University Press, |
| Date of publication, distribution, etc. | [2007] |
| 300 ## - PHYSICAL DESCRIPTION | |
| Extent | 272 p. |
| 650 #0 - SUBJECT ADDED ENTRY--TOPICAL TERM | |
| Topical term or geographic name as entry element | Economics, Mathematical. |
| -- | 0000149913 |
| 908 ## - PUT COMMAND PARAMETER (RLIN) | |
| Put command parameter | 071029 |
| 950 ## - LOCAL HOLDINGS (RLIN) | |
| -- | 1 |
| Withdrawn status | Lost status | Source of classification or shelving scheme | Not for loan | Home library | Current library | Date acquired | Total Checkouts | Total Renewals | Full call number | Barcode | Date last seen | Date last checked out | Price effective from | Koha item type |
|---|---|---|---|---|---|---|---|---|---|---|---|---|---|---|
| Library of Congress Classification | Kabarak, Nakuru City Campus | Kabarak, Main Campus | 21/10/2015 | 8 | 3 | HB135 .S77 | 010784 | 26/11/2025 | 25/11/2025 | 21/10/2015 | General Collection |